| 000 | 00575nam a2200169 a 4500 | ||
|---|---|---|---|
| 008 | 120416s1994 ||||||||||||||||| || u | ||
| 050 | _aHC 60 Moo | ||
| 100 | _aMoore, Fauzya | ||
| 245 | 1 | 0 | _aBeyond development cooperation |
| 246 | _atoward a new era of global and human security | ||
| 260 |
_aOttawa _bIDRC _c1994 |
||
| 300 | _axv, 64p. | ||
| 350 | _a0.00 | ||
| 650 | 0 | _aECONOMICS | |
| 650 | 0 | _aECONOMIC ASSISTANCE | |
| 995 |
_D0.00 _FCBU-MAIN LIBRARY (Kitwe) _H1 _I0.00 _M1 _UAVAILABLE _ZAnnex Low-Usage Collection |
||
| 999 |
_c35789 _d35789 |
||